00739nam a2200241 a 4500001001300000003000900013008003500022020001000057082001500067100001800082245006100100260005900161300000900220500003500229505001700264650002300281650002900304700001800333902000800351942000700359952011600366999001500482nice12345678IN_TiNICs1988 bana grp 000 0 eng  ac10000a275.4bWIE aWiebe, Paul D aChristians in Andhra Pradeshb Mennonites of Mahbubnagar aBangalorebChristian Instt.For Study of Religionc1988 a224p aincludes index and biblioraphy2 aBibliography aChristianity-India aMahbubnagar-Christianity1 aWiebe, Paul D bSRS cBK 001040708StackRoom-aHMIbHMId2007-07-19g100.00l0o275.4 WIEp013243r2007-07-19v100.00w2014-12-20yBK c6755d6755